00449 a2200157 450000500170000000800410001702000310005804000090008908200180009810000260011624500690014226000410021130000080025265000120026065000190027220260430145046.0260430b |||||||| |||| 00| 0 eng d a9789390729227cRs. 2195.00 aMAIN a954.02bK527R aKhan, Yaqub Ali, ed.  aRegional history of medieval India: Society, culture and economy bManohar Publishers c2023aNew Delhi a416 aHistory aMedieval India